Normal view
MARC view
- Meyu, Roland O
Entry Personal Name
001 - CONTROL NUMBER
- control field: 7351
003 - CONTROL NUMBER IDENTIFIER
- control field: OSt
005 - DATE AND TIME OF LATEST TRANSACTION
- control field: 20250328112009.0
008 - FIXED-LENGTH DATA ELEMENTS
- fixed length control field: 250328|| aca||aabn | a|a d
040 ## - CATALOGING SOURCE
- Original cataloging agency: OSt
- Transcribing agency: OSt
100 ## - HEADING--PERSONAL NAME
- Personal name: Meyu, Roland O
670 ## - SOURCE DATA FOUND
- Source citation: Work cat.: (OSt)5617: Kibbe, Richard R . 7350, Machine tool practices / , 1987.
